[Event "Najdorf Mem GpA"]
[Site "Grodzisk Mazowiecki POL"]
[Date "2007.07.21"]
[Round "2"]
[White "Matuszewski,M"]
[Black "Hambardzumian,Y"]
[Result "0-1"]
[WhiteElo "2144"]
[BlackElo "2402"]

1.d4 Nf6 2.c4 g6 3.Nc3 Bg7 4.e4 d6 5.Nf3 O-O 6.Be2 e5 7.Be3 Ng4 8.Bg5 f6
9.Bc1 Nc6 10.d5 Ne7 11.h3 Nh6 12.h4 c6 13.h5 Nf7 14.hxg6 hxg6 15.Bd3 cxd5
16.cxd5 Bg4 17.Qb3 Bc8 18.Bd2 f5 19.O-O-O a6 20.Ne2 b5 21.Ng5 Nxg5 22.Bxg5 a5
23.exf5 Bxf5 24.Bxf5 Rxf5 25.Qe3 Nxd5 26.Rxd5 Qxg5 27.Qxg5 Rxg5 28.Ng3 Rg4
29.Rxd6 Rf8 30.Rd2 e4 31.Rh3 Be5 32.Re2 e3 33.Nf1 Rxg2 34.Nxe3 Rgxf2 35.Rxf2 Rxf2
36.Nd1 Bf4+ 37.Kb1 Rd2 38.Nc3 b4 39.Ne4 Re2 40.Nc5 Bd6 41.Nd3 Kg7 42.Kc1 g5
43.Kd1 Rg2 44.Ke1 a4 45.Kf1 Rc2 46.Re3 a3 47.Re2 b3 48.axb3 Rxe2  0-1

[Event "11th Festival Open A"]
[Site "Senta SRB"]
[Date "2007.07.21"]
[Round "1"]
[White "Petrekanovic,M"]
[Black "Toth,E"]
[Result "0-1"]
[WhiteElo "2078"]
[BlackElo "2313"]

1.d4 Nf6 2.Nf3 g6 3.c4 Bg7 4.Nc3 O-O 5.e4 d6 6.Be2 e5 7.O-O Na6 8.Re1 c6
9.h3 exd4 10.Nxd4 Nc5 11.Bf1 Re8 12.f3 Nh5 13.Be3 Be5 14.Nde2 Ne6 15.Qd2 Qh4
16.Red1 Nef4 17.Nxf4 Nxf4 18.Qf2 Qf6 19.g3 Nxh3+ 20.Bxh3 Bxh3 21.Rac1 Be6
22.f4 Bxc3 23.Rxc3 Bg4 24.Bd4 Qe6 25.Re1 c5 26.Be3 Qxe4 27.Bd2 Qc6 28.Rce3 Re6
29.Bc3 Rae8 30.Rxe6 Rxe6 31.Kh2 Qf3 32.Qxf3 Bxf3 33.Kh3 Rxe1 34.Bxe1 Be2
35.b3 Bd3 36.Ba5 b6 37.Bd2 f6 38.f5 Kf7  0-1

[Event "ch-ITA U20"]
[Site "Fiuggi ITA"]
[Date "2007.07.22"]
[Round "5"]
[White "Stella,A"]
[Black "Dvirnyy,D"]
[Result "0-1"]
[WhiteElo "2114"]
[BlackElo "2365"]

1.d4 Nf6 2.c4 g6 3.Nc3 Bg7 4.e4 d6 5.Nf3 O-O 6.Be2 Nbd7 7.O-O e5 8.d5 a5
9.Qc2 Ne8 10.b3 f5 11.a3 f4 12.Ne1 Ndf6 13.Bb2 Rf7 14.b4 Bf8 15.f3 g5 16.Nd3 Rg7
17.c5 h5 18.Kf2 g4 19.Ke1 gxf3 20.gxf3 Bh3 21.Rf2 axb4 22.axb4 Rxa1+ 23.Bxa1 c6
24.Qa2 Kh8 25.Qa5 Qb8 26.Nb2 Nd7 27.Nba4 Be7 28.Bf1 Bd8 29.Nb6 Bxf1 30.Kxf1 Nxb6
31.cxb6 Qc8 32.dxc6 bxc6 33.b5 Nf6 34.bxc6 Qxc6 35.Qb5 Qxb6 36.Qxb6 Bxb6
37.Rg2 Bd4 38.Rxg7 Kxg7 39.Bb2 Kf7 40.Nd1 Bxb2 41.Nxb2 Ke6 42.Nd3 Kd7 43.Ne1 Nh7
44.Ng2 Ng5 45.Ke2 Kc6 46.Nh4 Kd7 47.Nf5 Ke6 48.Ng7+ Kf6 49.Ne8+ Ke7 50.Ng7 Nh7
51.Nf5+ Ke6 52.Nh4 Nf6 53.Kf2 d5 54.exd5+ Nxd5 55.Ng2 Ne7 56.Ne1 Kd5 57.Nd3 Nc6
58.Ke2 Kc4 59.Kd2 Kd4 60.Nf2 Nb4 61.Ne4 Nd5 62.Nd6 Ne3 63.Ke2 Kd5 64.Ne4 Ke6
65.Kf2 Nd5 66.Nc5+ Kf5 67.Ne4 Nf6 68.Nd6+ Ke6 69.Nc4 Kd5 70.Nb6+ Kc5 71.Na4+ Kd4
72.Nb2 Nd5 73.Na4 Kc4 74.Nb2+ Kc3 75.Na4+ Kd4 76.Nb2 h4 77.h3 Nc3 78.Kg2 Nb5
79.Nd1 Kd3 80.Nf2+ Ke2 81.Ng4 e4 82.fxe4 f3+ 83.Kg1 Nd4 84.e5 Ne6 85.Nf2 Ng5
86.Ng4 Ne6 87.Nf2 Ke3 88.Ng4+ Kf4 89.Kf2 Ng5 90.Nh2 Nxh3+ 91.Kf1 Ng5 92.Kf2 Ne4+
93.Kg1 Nc5 94.Kf2 Nd3+ 95.Kg1 Nxe5 96.Nf1 Ng4 97.Kh1 Ke4 98.Kg1 Kd3 99.Kh1 Ke2
100.Kg1 Nf6 101.Nh2 Ne4 102.Kh1 h3 103.Nxf3 Kxf3 104.Kh2 Ng5 105.Kg1 Kg3
106.Kh1 Ne4  0-1

[Event "11th Festival Open A"]
[Site "Senta SRB"]
[Date "2007.07.22"]
[Round "2"]
[White "Damjanovic,D"]
[Black "Galyas,M"]
[Result "1-0"]
[WhiteElo "2285"]
[BlackElo "2486"]

1.d4 Nf6 2.c4 g6 3.Nc3 Bg7 4.Nf3 O-O 5.e4 d6 6.Be2 Na6 7.O-O e5 8.Re1 c6
9.Bf1 Bg4 10.Be3 Bxf3 11.Qxf3 Ng4 12.Qxg4 exd4 13.Bg5 f6 14.Bd2 dxc3 15.Bxc3 f5
16.Qh3 Bxc3 17.Qxc3 fxe4 18.Rxe4 Nc5 19.Re3 Qf6 20.Qd2 Rae8 21.Rae1 Rxe3
22.Rxe3 Qf5 23.Qe1 Qf6 24.b4 Nd7 25.Re6 Qd4 26.Re4 Qf6 27.g3 Ne5 28.Be2 d5
29.cxd5 cxd5 30.Re3 Kh8 31.Bd1 Nc4 32.Rf3 Qg7 33.Qe6 Nb6 34.a4 Rxf3 35.Bxf3 Qa1+
36.Kg2 Qxa4 37.Qf6+ Kg8 38.Bg4 h5 39.Be6+ Kh7 40.Qf7+ Kh6 41.Qf8+ Kh7 42.Bg8+  1-0

[Event "11th Festival Open A"]
[Site "Senta SRB"]
[Date "2007.07.22"]
[Round "3"]
[White "Pelemans,J"]
[Black "Galyas,M"]
[Result "0-1"]
[WhiteElo "2021"]
[BlackElo "2486"]

1.Nf3 Nf6 2.c4 g6 3.Nc3 Bg7 4.e4 d6 5.d4 O-O 6.Be2 Na6 7.O-O e5 8.Be3 Ng4
9.Bg5 Qe8 10.Qd2 c6 11.Rad1 f5 12.exf5 gxf5 13.h3 Nf6 14.Rfe1 Ne4 15.Qc1 Nxg5
16.Qxg5 e4 17.Nh2 Qg6 18.Qh4 Bf6 19.Qg3 Qxg3 20.fxg3 Nb4 21.d5 Nc2 22.Rf1 Ne3
23.dxc6 Nxd1 24.cxb7 Bxb7 25.Rxd1 Be5 26.Nf1 Rab8 27.Nb5 Bxb2 28.Nxd6 Ba3
29.Nb5 Bc5+ 30.Kh2 Rfd8  0-1

[Event "MTO"]
[Site "Biel SUI"]
[Date "2007.07.23"]
[Round "1"]
[White "Shipov,S"]
[Black "Heinis,V"]
[Result "1-0"]
[WhiteElo "2559"]
[BlackElo "2199"]

1.d4 Nf6 2.c4 g6 3.Nc3 Bg7 4.e4 d6 5.Be2 O-O 6.Nf3 e5 7.Be3 c6 8.d5 Na6 9.a3 c5
10.O-O Ng4 11.Bg5 f6 12.Bh4 Nh6 13.Ne1 g5 14.Bg3 Nc7 15.Nc2 f5 16.exf5 Nxf5
17.Bd3 Nxg3 18.hxg3 g4 19.Ne3 h5 20.Qc2 Qf6 21.Bh7+ Kh8 22.Qg6 Qxg6 23.Bxg6 Bh6
24.Bxh5 Bxe3 25.fxe3 Bf5 26.b4 cxb4 27.axb4 Bd3 28.Rxf8+ Rxf8 29.Rxa7 Rf1+
30.Kh2 Bxc4 31.Rxb7 Nxd5 32.Nxd5 Bxd5 33.Rd7 Rf2 34.Bxg4 Rxg2+ 35.Kh3 Rb2
36.Rxd6 Bg2+ 37.Kh4 Rxb4 38.Kg5 Rc4 39.Be6 Rc6 40.Rxc6  1-0

[Event "11th Festival Open A"]
[Site "Senta SRB"]
[Date "2007.07.23"]
[Round "4"]
[White "Toth,E"]
[Black "Solomunovic,I"]
[Result "1/2-1/2"]
[WhiteElo "2313"]
[BlackElo "2396"]

1.d4 Nf6 2.c4 g6 3.Nc3 Bg7 4.e4 d6 5.Nf3 O-O 6.Be2 Nbd7 7.O-O e5 8.Qc2 c6
9.Rd1 exd4 10.Nxd4 Re8 11.Bg5 h6 12.Bh4 a5 13.f3 Qe7 14.Rab1 Ne5 15.a3 g5
16.Bf2 Nh5 17.g3 g4 18.f4 Ng6 19.Nf5 Bxf5 20.exf5 Ngxf4 21.gxf4 Nxf4 22.Bf1 h5
23.Bg3 Qg5 24.Qf2 Be5 25.Kh1 Qxf5 26.Bg2 h4 27.Bxf4 Qxf4 28.Qxf4 Bxf4 29.Rd4 Be5
30.Rxg4+ Kf8 31.Rf1 Ke7 32.Re1 f5 33.Rxh4 Rh8 34.Rxh8 Rxh8 35.h3 Kf6 36.Bf1 Rg8
37.Re3 Bd4 38.Rf3 Ke5 39.b3 f4 40.Bg2 Be3 41.Rf1 Bc5 42.a4 Bd4 43.Re1+ Be3
44.Rd1 Bd4 45.Ne2 Be3 46.Bf3 Rd8 47.Nc3 Rg8 48.Ne4 Rg6 49.h4 d5 50.h5 Rg7
51.cxd5 cxd5 52.Nc5 d4 53.Nd3+ Kf5 54.Kh2 b6 55.Nb2 Rg3 56.Rf1 Kg5 57.Nc4 Kh4
58.Nd6 Rh3+ 59.Kg2 Rg3+ 60.Kh2 Rh3+  1/2-1/2

[Event "11th Festival Open A"]
[Site "Senta SRB"]
[Date "2007.07.23"]
[Round "4"]
[White "Simonyi,Z"]
[Black "Ikras,D"]
[Result "1-0"]
[WhiteElo "2230"]
[BlackElo "2126"]

1.d4 g6 2.c4 Bg7 3.e4 d6 4.Nc3 Nf6 5.Be2 O-O 6.Nf3 e5 7.O-O Na6 8.Re1 c6
9.Bf1 Qe8 10.d5 cxd5 11.cxd5 Nc7 12.Nd2 Ng4 13.f3 Nh6 14.Nc4 Qe7 15.g4 f6
16.Be3 Nf7 17.Qd2 f5 18.exf5 gxf5 19.h3 Ne8 20.Rac1 h5 21.gxh5 Qh4 22.f4 Bd7
23.Re2 b5 24.Na5 b4 25.Nd1 Nf6 26.Rg2 Qxh5 27.Rc7 Rfc8 28.Rxc8+ Rxc8 29.Nf2 Kh8
30.Be2 Qh4 31.Qxb4 Nxd5 32.Qd2 Nxe3 33.Qxe3 Be6 34.fxe5 dxe5 35.Nb3 f4 36.Qe4 Ng5
37.Qg6 Bf6 38.Qxf6+  1-0

[Event "IMA"]
[Site "Dimitrov RUS"]
[Date "2007.07.24"]
[Round "4"]
[White "Kanter,E"]
[Black "Savina,A"]
[Result "1-0"]
[WhiteElo "2272"]
[BlackElo "2209"]

1.d4 Nf6 2.Nf3 g6 3.c4 Bg7 4.Nc3 O-O 5.e4 d6 6.Be2 e5 7.Be3 Ng4 8.Bg5 f6
9.Bc1 Nc6 10.d5 Nd4 11.Nxd4 exd4 12.Nb5 f5 13.O-O Ne5 14.exf5 d3 15.Bxd3 Nxd3
16.Qxd3 Bxf5 17.Qd1 Qh4 18.Nxc7 Bg4 19.Qe1 Rac8 20.Ne6 Bf3 21.Bf4 Rxf4 22.Nxf4 Be5
23.g3 Qg4 24.h3 Qg5 25.Qe3 Rxc4 26.Qxf3 Rxf4 27.Qg2 Rc4 28.f4 Bd4+ 29.Kh1 Qf5
30.Rac1 Rb4 31.b3 Bc5 32.Rc4 Rxc4 33.bxc4 Qd3 34.f5 gxf5 35.Qf3 Qe4 36.g4 Qxf3+
37.Rxf3 fxg4 38.hxg4 Kg7 39.Kg2 Kg6 40.Rf5 a6 41.a4 b6 42.Kf3 Bb4 43.Rf8 h5
44.gxh5+ Kxh5 45.Rg8 Kh6 46.Ke4 Kh5 47.Rg2 Bc5 48.Kf5  1-0

[Event "MTO"]
[Site "Biel SUI"]
[Date "2007.07.25"]
[Round "3"]
[White "Socko,B"]
[Black "Jenni,F"]
[Result "0-1"]
[WhiteElo "2660"]
[BlackElo "2527"]

1.d4 Nf6 2.c4 g6 3.Nc3 Bg7 4.e4 d6 5.Nf3 O-O 6.Be2 e5 7.Be3 h6 8.O-O Ng4
9.Bc1 Nd7 10.h3 Ngf6 11.dxe5 dxe5 12.Be3 c6 13.Qd2 Kh7 14.c5 Qe7 15.b4 Nh5
16.Rfd1 Re8 17.Rac1 Nf8 18.Qd6 Nf4 19.Bf1 Qf6 20.Qxf6 Bxf6 21.b5 N4e6 22.bxc6 bxc6
23.Rb1 Rd8 24.Rxd8 Nxd8 25.Nd2 Be6 26.Nc4 Nd7 27.Rb4 Bg5 28.Bxg5 hxg5 29.Na4 Bxc4
30.Bxc4 Rb8 31.a3 a5 32.Rxb8 Nxb8 33.Kf1 Kg7 34.Ke2 Nb7 35.Ba2 Na6 36.Kd3 Naxc5+
37.Nxc5 Nxc5+ 38.Kc4 Nxe4 39.f3 Nd6+ 40.Kc5 Nb5 41.a4 Nc3 42.Bb3 f5 43.Bc2 Kf6
44.g4 Ke6 45.Bb3+ Kd7 46.Bc2 Kc7 47.Kc4 Nd5 48.Kc5 Nb6 49.Bb3 Nd7+ 50.Kc4 Kd6
51.Bc2 Nb6+ 52.Kb3 Ke6 53.Bd3 c5 54.Bb1 c4+ 55.Kc3 Kd5 56.Bc2 Kc5  0-1

[Event "MTO"]
[Site "Biel SUI"]
[Date "2007.07.25"]
[Round "3"]
[White "Hausrath,D"]
[Black "Golod,V"]
[Result "1/2-1/2"]
[WhiteElo "2494"]
[BlackElo "2589"]

1.Nf3 Nf6 2.c4 g6 3.Nc3 Bg7 4.e4 d6 5.d4 O-O 6.Be2 e5 7.d5 a5 8.h3 Na6 9.Bg5 Qe8
10.Nd2 Nd7 11.g4 f6 12.Be3 f5 13.gxf5 gxf5 14.exf5 Ndc5 15.f6 Rxf6 16.Nde4 Rf8
17.Rg1 Kh8 18.Qd2 Bf5 19.Ng3 Bg6 20.h4 Nb4 21.h5 Nc2+ 22.Kd1 Nxe3+ 23.Qxe3 Bf7
24.Nf5 Bf6 25.Qh6 Qd8 26.Kc2 Rg8 27.Rxg8+ Bxg8 28.Rg1 Qf8 29.Nb5 Na6 30.Bf3 Qxh6
31.Nxh6 Bg7 32.Nxg8 Rxg8 33.Be4 Rf8  1/2-1/2

[Event "ch-Gdansk"]
[Site "Gdansk POL"]
[Date "2007.07.25"]
[Round "5"]
[White "Walkusz,Mi"]
[Black "Krzywkowski,M"]
[Result "0-1"]
[WhiteElo "2018"]
[BlackElo "1861"]

1.Nf3 Nf6 2.d4 g6 3.c4 Bg7 4.Nc3 O-O 5.e4 d6 6.Be2 e5 7.d5 a5 8.Bg5 h6 9.Bh4 Na6
10.Nd2 Qe8 11.f3 Nh5 12.O-O f5 13.Bf2 Nf4 14.Re1 Nxe2+ 15.Qxe2 f4 16.b3 Kh8
17.a3 Bd7 18.Rab1 g5 19.b4 axb4 20.axb4 h5 21.c5 g4 22.cxd6 cxd6 23.Nc4 Qg6
24.Nb6 gxf3 25.Qxf3 Bg4 26.Qd3 Rad8 27.Kh1 f3 28.g3 Bh3 29.Nd1 h4 30.Rg1 Bh6
31.Ne3 Bxe3 32.Qxe3 Bg2+ 33.Rxg2 fxg2+ 34.Kxg2 Rf4 35.Re1 Nxb4 36.Kh1 Nc2  0-1

[Event "11th Festival Open A"]
[Site "Senta SRB"]
[Date "2007.07.25"]
[Round "6"]
[White "Toth,E"]
[Black "Arsovic,G"]
[Result "0-1"]
[WhiteElo "2313"]
[BlackElo "2470"]

1.d4 Nf6 2.c4 g6 3.Nc3 Bg7 4.e4 d6 5.Nf3 O-O 6.Be2 e5 7.O-O c6 8.Qc2 exd4
9.Nxd4 Ng4 10.Bxg4 Bxg4 11.Be3 c5 12.Nde2 Nc6 13.f3 Be6 14.Rfd1 Bxc4 15.Bxc5 Qa5
16.Be3 Rfd8 17.Nd4 d5 18.Nxc6 bxc6 19.Bd4 dxe4 20.Qxe4 Rxd4  0-1

[Event "MTO"]
[Site "Biel SUI"]
[Date "2007.07.26"]
[Round "4"]
[White "Roiz,M"]
[Black "Maze,S"]
[Result "0-1"]
[WhiteElo "2630"]
[BlackElo "2530"]

1.Nf3 Nf6 2.c4 g6 3.Nc3 Bg7 4.e4 d6 5.d4 O-O 6.Be2 e5 7.O-O Na6 8.Re1 c6
9.Be3 Bg4 10.h3 exd4 11.Bxd4 Bxf3 12.Bxf3 Qe7 13.Qd2 Rfd8 14.Rad1 Nc5 15.b3 Ne6
16.Nd5 Nxd5 17.exd5 Bxd4 18.Qxd4 Nxd4 19.Rxe7 Nxf3+ 20.gxf3 cxd5 21.Rxd5 b6
22.Rb7 h5 23.Rd4 Kg7 24.h4 Kg8 25.Rf4 Rf8 26.Kg2 f5 27.Rd4 Rf7 28.Rxf7 Kxf7
29.Rxd6 f4 30.Rd4 Ke6 31.Rxf4 Rd8 32.Re4+ Kf6 33.f4 Rd2 34.a4 Kf5 35.Kf3 Rxf2+
36.Kxf2 Kxe4 37.Ke2 Kxf4 38.Kd3 g5 39.hxg5 Kxg5 40.Ke4 Kg4 41.Ke3 Kg3  0-1

[Event "IMA"]
[Site "Dimitrov RUS"]
[Date "2007.07.26"]
[Round "9"]
[White "Kavalenia,L"]
[Black "Kanter,E"]
[Result "1/2-1/2"]
[WhiteElo "2289"]
[BlackElo "2272"]

1.d4 Nf6 2.c4 g6 3.Nc3 Bg7 4.e4 d6 5.Nf3 O-O 6.Be2 e5 7.Be3 exd4 8.Nxd4 Re8
9.f3 c6 10.O-O d5 11.cxd5 Nxd5 12.Nxd5 cxd5 13.Qb3  1/2-1/2

[Event "11th Festival Open A"]
[Site "Senta SRB"]
[Date "2007.07.26"]
[Round "8"]
[White "Toth,E"]
[Black "Kler,B"]
[Result "1-0"]
[WhiteElo "2313"]
[BlackElo "2211"]

1.d4 Nf6 2.c4 g6 3.Nc3 Bg7 4.e4 d6 5.Nf3 O-O 6.Be2 e5 7.O-O exd4 8.Nxd4 Re8
9.f3 c6 10.Kh1 Qa5 11.Nb3 Qe5 12.Be3 Nbd7 13.Qd2 d5 14.cxd5 cxd5 15.f4 Qe7
16.e5 Ne4 17.Nxe4 dxe4 18.Rfd1 f6 19.Bb5 fxe5 20.Bxd7 Rd8 21.Qd5+ Kh8 22.Nc5 Rb8
23.fxe5 b6 24.e6 bxc5 25.Bxc5 Qh4 26.e7 Bxd7 27.exd8=Q+ Rxd8 28.Bd4 e3 29.Bxg7+ Kxg7
30.Qe5+ Kf7 31.Qxe3 Bc6 32.Rf1+  1-0

[Event "33rd Open"]
[Site "Sitges ESP"]
[Date "2007.07.26"]
[Round "9"]
[White "Wirz,H"]
[Black "Movsziszian,K"]
[Result "0-1"]
[WhiteElo "2141"]
[BlackElo "2534"]

1.d4 d6 2.Nf3 Nf6 3.c4 g6 4.Nc3 Bg7 5.e4 O-O 6.Be2 Nbd7 7.O-O e5 8.d5 Nb6
9.Nd2 a5 10.b3 Ne8 11.Rb1 f5 12.a3 Bd7 13.b4 axb4 14.axb4 Na4 15.Nxa4 Bxa4
16.Nb3 Nf6 17.Bg5  0-1

[Event "11th Festival Open A"]
[Site "Senta SRB"]
[Date "2007.07.27"]
[Round "9"]
[White "Pavlovic,Milo2"]
[Black "Arsovic,Z"]
[Result "1/2-1/2"]
[WhiteElo "2438"]
[BlackElo "2451"]

1.d4 Nf6 2.c4 d6 3.Nf3 g6 4.Nc3 Bg7 5.e4 O-O 6.Be2 Nbd7 7.O-O e5 8.Re1 exd4
9.Nxd4 Re8 10.Bf1 c6 11.Bf4 Nc5 12.Qc2 Ng4 13.Rad1 Ne5 14.Bg3 Qb6 15.Nb3 Be6
16.Nxc5 Qxc5 17.Na4 Qa5 18.f4 Nxc4 19.f5 gxf5 20.exf5 Qxf5 21.Bd3 Qb5 22.Rxe6 fxe6
23.Bxc4 Qg5 24.Rxd6 Qe3+ 25.Bf2 Qe5 26.Rxe6 Rxe6 27.Nc5 Kh8 28.Nxe6 Qxb2
29.Qf5 Bf6 30.Bd3 Qc1+ 31.Bf1 Qh6 32.h4 Re8 33.Ng5 Qg6 34.Qf3 h6 35.Bd3 Qg7
36.Nh3 Bd4 37.Nf4 b5 38.Ng6+ Kg8 39.h5 Qf6 40.Qxf6 Bxf6 41.Kf1 a5 42.g4 a4
43.Bc5 Kg7 44.Kf2 Rc8 45.Ke3 Rb8 46.Bf8+ Kf7 47.Be4 Bg5+ 48.Kf3 Rd8 49.Bxc6 Rd4  1/2-1/2

[Event "Open NK"]
[Site "Dieren NED"]
[Date "2007.07.28"]
[Round "5"]
[White "Miedema,R"]
[Black "Van Delft,M"]
[Result "1/2-1/2"]
[WhiteElo "2271"]
[BlackElo "2408"]

1.d4 Nf6 2.c4 g6 3.Nc3 Bg7 4.e4 d6 5.Nf3 O-O 6.Be2 Na6 7.O-O e5 8.Be3 Ng4
9.Bg5 Qe8 10.c5 h6 11.Bh4 g5 12.Bg3 exd4 13.Nxd4 dxc5 14.Nb3 Ne5 15.Bxa6 bxa6
16.Nxc5 Rb8 17.Qc2 h5 18.f4 h4 19.Bf2 Ng4 20.h3 Nxf2 21.Qxf2 gxf4 22.Rad1 f3
23.Qxf3 Rxb2 24.Nd5 f5 25.e5 Qxe5 26.Rfe1 Qg3 27.Qxg3 hxg3 28.Re7 Bd4+ 29.Kh1 Bxc5
30.Rxc7 Bb7 31.Rxc5 Rd8 32.Ne7+ Kf7 33.Re1 Rxg2 34.Nc6 Rh2+ 35.Kg1 Rdd2 36.Rxf5+ Kg6
37.Rc5 Rhg2+ 38.Kh1 Rh2+ 39.Kg1 Rdg2+ 40.Kf1 Rf2+ 41.Kg1 Rfg2+ 42.Kf1 Rd2
43.Kg1 Rhg2+ 44.Kh1  1/2-1/2

[Event "ch-Gdansk"]
[Site "Gdansk POL"]
[Date "2007.07.28"]
[Round "8"]
[White "Szczepaniec,S"]
[Black "Zielinski,S"]
[Result "0-1"]
[WhiteElo "2118"]
[BlackElo "2069"]

1.c4 g6 2.d4 Bg7 3.Nc3 Nf6 4.e4 d6 5.Be2 O-O 6.Nf3 e5 7.d5 a5 8.Bg5 Na6 9.O-O h6
10.Bh4 Nc5 11.Nd2 c6 12.Rb1 Qc7 13.g4 Nh7 14.Kh1 f5 15.gxf5 gxf5 16.f3 Nf6
17.Rg1 f4 18.Rg6 Kh7 19.Qg1 Qf7 20.Rg2 Bh3 21.Rf2 Qh5 22.Bxf6 Bxf6 23.Bf1 Rg8
24.Bg2 Nd3 25.Re2 Bh4 26.Qf1 Rxg2 27.Rxg2 Bxg2+ 28.Qxg2 Rg8  0-1

[Event "Czech Open GMA"]
[Site "Pardubice CZE"]
[Date "2007.07.28"]
[Round "9"]
[White "Vedrickas,T"]
[Black "Novikov,St"]
[Result "0-1"]
[WhiteElo "2235"]
[BlackElo "2562"]

1.d4 d6 2.Nf3 g6 3.c4 Bg7 4.Nc3 Nf6 5.e4 O-O 6.Be2 Na6 7.O-O e5 8.d5 Nc5
9.Qc2 a5 10.Ne1 b6 11.f3 Nh5 12.g3 Bh3 13.Ng2 f5 14.Bd2 f4 15.g4 Nf6 16.Nd1 h5
17.Nf2 hxg4 18.fxg4 Bxg2 19.Kxg2 Nh7 20.Nh3 Bf6 21.Ng1 Qd7 22.Be1 Ng5 23.h4 Ngxe4
24.Bf3 Kg7 25.Bxe4 Qxg4+ 26.Kh2 Bxh4 27.Bf3 Bg3+ 28.Kg2 Qh4  0-1

[Event "Sun Pawn Open"]
[Site "Ilichevsk UKR"]
[Date "2007.07.29"]
[Round "9"]
[White "Aliferenko,A"]
[Black "Yurkov,A"]
[Result "1-0"]
[WhiteElo "2256"]
[BlackElo "2130"]

1.d4 Nf6 2.c4 g6 3.Nc3 Bg7 4.e4 O-O 5.Nf3 d6 6.Be2 e5 7.d5 a5 8.O-O Na6 9.Bg5 Qe8
10.Nd2 h6 11.Be3 Nh7 12.Kh1 f5 13.exf5 gxf5 14.f4 Bd7 15.Re1 exf4 16.Bxf4 Nc5
17.Bf3 Qd8 18.Nb3 b6 19.Nd4 Bxd4 20.Qxd4 Ng5 21.Rf1 Qf6 22.Qd2 Kh7 23.Be3 Rae8
24.Bh5 Nge4 25.Qd4 Re7 26.Nxe4 Nxe4 27.Rae1 Qh4 28.Bf3 Rfe8 29.Kg1 Re5 30.g3 Qh3
31.Bg2 Qh5 32.Rf4 Ng5 33.Rff1 R8e7 34.Bd2 Ne4 35.Bf4 Re8 36.Bxe5 dxe5 37.Qd1 Qxd1
38.Rxd1 Nd6 39.Rc1 Nb7 40.Be4 Kg6 41.Bc2 Kg5 42.h4+ Kf6 43.Bxf5 Bxf5 44.g4 Rg8
45.Rxf5+ Ke7 46.Rxe5+ Kd6 47.Re6+ Kc5 48.Rc6+ Kd4 49.Rd1+ Ke3 50.Re1+ Kf3
51.g5 hxg5 52.Rxc7 gxh4+ 53.Kh2 Nd6 54.Rf1+ Ke4 55.Rc6 Rd8 56.Rf6 Nf5 57.Rce6+ Kf4
58.Rxb6 a4 59.Rb4 Kg5 60.Rxf5+ Kxf5 61.Rxa4 Ke4 62.Ra7  1-0

[Event "Sun Pawn B"]
[Site "Ilichevsk UKR"]
[Date "2007.07.29"]
[Round "9"]
[White "Baranov,J"]
[Black "Vavric,P"]
[Result "1-0"]
[WhiteElo "2206"]
[BlackElo "2201"]

1.d4 Nf6 2.c4 d6 3.Nc3 g6 4.e4 Bg7 5.Be2 O-O 6.Nf3 e5 7.Be3 Nc6 8.d5 Ne7
9.Nd2 Nd7 10.Qc2 f5 11.f3 Nf6 12.c5 fxe4 13.fxe4 Ng4 14.Bxg4 Bxg4 15.Nd1 Kh8
16.Nf2 Bd7 17.h4 Rc8 18.Nf3 dxc5 19.h5 c6 20.d6 Ng8 21.hxg6 h6 22.Ng5 Qf6
23.Nf7+ Rxf7 24.gxf7 Qxf7 25.Qxc5 b6 26.Qc1 Qg6 27.Qd2 Re8 28.O-O-O Re6 29.g4 Bf8
30.g5 Rxd6 31.Qe2 Rxd1+ 32.Qxd1 Be6 33.Kb1 Qf7 34.b3 c5 35.Ng4 Qg6 36.Qf3 Bd5
37.Nf2 Be7 38.Kb2 Bc6 39.Qg4 Kh7 40.Rh4 Qd6 41.Qf5+ Kh8 42.Qf7 Bf8 43.g6 Nf6
44.Ng4 Bg7 45.Nxf6 Qxf6 46.Rxh6+  1-0

[Event "MTO"]
[Site "Biel SUI"]
[Date "2007.07.30"]
[Round "7"]
[White "Hausrath,D"]
[Black "Domont,A"]
[Result "1/2-1/2"]
[WhiteElo "2494"]
[BlackElo "2361"]

1.c4 g6 2.d4 Bg7 3.Nc3 d6 4.Nf3 Nf6 5.e4 O-O 6.Be2 e5 7.dxe5 dxe5 8.Qxd8 Rxd8
9.Bg5 Re8 10.Nd5 Nxd5 11.cxd5 c6 12.Bc4 cxd5 13.Bxd5 Na6 14.O-O Nc7 15.Bc4 Ne6
16.Bb5 Nxg5 17.Nxg5 Re7 18.Rfd1 Bf6 19.h4 Bg4 20.f3 Bxg5 21.hxg5 Be6 22.Kf2 Rc8
23.Rd2 Rec7 24.b3 Kg7 25.g3 h6 26.gxh6+ Kxh6 27.Rh1+ Kg5 28.Be2 Rc2 29.Ke3 Rxd2
30.Kxd2 f5 31.Rh7 Rd8+ 32.Ke1 Rd7 33.Rxd7 Bxd7 34.exf5 gxf5 35.Bd3 Bc6 36.Kf2 Bd5
37.Bc2 f4 38.a3 a5 39.b4 axb4 40.axb4 Bc6 41.Bd3 b6  1/2-1/2

[Event "MTO"]
[Site "Biel SUI"]
[Date "2007.07.30"]
[Round "7"]
[White "Ulibin,M"]
[Black "Tyukhanov,A"]
[Result "1-0"]
[WhiteElo "2514"]
[BlackElo "2083"]

1.c4 Nf6 2.Nc3 g6 3.e4 d6 4.d4 Bg7 5.Nf3 O-O 6.Be2 e5 7.O-O exd4 8.Nxd4 Re8
9.f3 Nbd7 10.Bg5 c6 11.Qd2 Qb6 12.Be3 Qc7 13.Rad1 a6 14.Nb3 Bf8 15.Bf4 Ne5
16.Bg5 Ned7 17.Bf4 Ne5 18.Bg5 Ned7 19.Qd4 Nh5 20.f4 Ng7 21.f5 b6 22.Qf2 Nc5
23.Nd4 Bb7 24.Qh4 d5 25.exd5 cxd5 26.cxd5 Nxf5 27.Nxf5 gxf5 28.Bf6 h6 29.Rxf5 Kh7
30.Rdf1 Bc8 31.Bd4 Bxf5 32.Qf6 Rxe2 33.Qxf5+ Kg8 34.Qf6 Kh7 35.Qh8+ Kg6 36.Qg8+ Kh5
37.Rf5+  1-0

[Event "Open NK"]
[Site "Dieren NED"]
[Date "2007.07.30"]
[Round "6"]
[White "Laarhoven,T"]
[Black "Burg,T"]
[Result "1/2-1/2"]
[WhiteElo "2143"]
[BlackElo "2301"]

1.d4 Nf6 2.c4 g6 3.Nc3 Bg7 4.e4 d6 5.Nf3 O-O 6.Be2 e5 7.dxe5 dxe5 8.Qxd8 Rxd8
9.Bg5 Re8 10.Nd5 Nxd5 11.cxd5 c6 12.Bc4 cxd5 13.Bxd5 Nd7 14.Nd2 Nc5 15.O-O-O Be6
16.Bxe6 Nxe6 17.Be3 Nf4 18.Bxf4 exf4 19.f3 Re6 20.Kb1 Rb6 21.b3 a5 22.a4 Rb4
23.Rc1 b5 24.axb5 a4 25.Rc5 Bd4 26.Rc6 axb3 27.Ra6 Rxa6 28.bxa6 b2 29.Kc2 Ra4
30.Rb1 Bg7 31.a7 h5 32.a8=Q+ Rxa8 33.Nc4 Rc8 34.Kd3 Kh7 35.e5 Rc5 36.Rxb2 Bxe5
37.Nxe5 Rxe5 38.Rb4 g5 39.Re4 Rxe4 40.Kxe4 Kg6 41.Ke5 f6+ 42.Ke4 Kg7 43.h3 Kg6
44.Kd5 Kg7 45.Kd6 Kh6 46.Kd5 Kh7 47.Kd6 Kh6 48.Kd5 Kh7 49.Kd6 Kh6  1/2-1/2

[Event "Sun Pawn Open"]
[Site "Ilichevsk UKR"]
[Date "2007.07.30"]
[Round "10"]
[White "Zazuliak,A"]
[Black "Shilo,E"]
[Result "1/2-1/2"]
[WhiteElo "2146"]
[BlackElo "1996"]

1.d4 Nf6 2.c4 g6 3.Nc3 Bg7 4.e4 d6 5.Nf3 O-O 6.Be2 e5 7.O-O Na6 8.Be3 Qe8
9.dxe5 dxe5 10.h3 Nh5 11.Qc1 f5 12.exf5 gxf5 13.Ne1 f4 14.Bd2 c6 15.Qd1 Nf6
16.Nd3 Bf5 17.f3 Rd8 18.Nf2 Qg6 19.Qc1 Rd4 20.Rd1 Bc2 21.Rf1 Rfd8 22.Be1 h5
23.b3 Bf8 24.Qb2 Bf5 25.a3 Bc5 26.Kh1 R4d7 27.b4 Rg7 28.Rg1 Bxh3 29.Bf1 Bxf2  1/2-1/2

[Event "US Open"]
[Site "Cherry Hill USA"]
[Date "2007.07.31"]
[Round "3"]
[White "Fries,T"]
[Black "Kis,L"]
[Result "0-1"]
[WhiteElo "1931"]
[BlackElo "2194"]

1.d4 Nf6 2.Nf3 g6 3.c4 Bg7 4.Nc3 O-O 5.e4 d6 6.Be2 e5 7.d5 a5 8.Bg5 h6 9.Bh4 Na6
10.O-O Qe8 11.Ne1 Nh7 12.Nd3 h5 13.f3 Bh6 14.g4 Be3+ 15.Bf2 Bxf2+ 16.Rxf2 hxg4
17.fxg4 Qe7 18.Rg2 Kg7 19.Qe1 Ng5 20.Qg3 Rh8 21.Nf2 Bd7 22.Kf1 Nh7 23.g5 f6
24.gxf6+ Qxf6 25.Kg1 Nf8 26.Rf1 Qh4 27.Bg4 Nc5 28.Qf3 Nh7 29.Bxd7 Nxd7 30.Rxg6+ Kxg6
31.Qf5+ Kh6 32.Qxd7 Rag8+ 33.Kh1 Rg7 34.Qe6+ Rg6 35.Qf5 Rf8  0-1

[Event "Open NK"]
[Site "Dieren NED"]
[Date "2007.08.02"]
[Round "9"]
[White "Saravanan,V1"]
[Black "Khairallah,F"]
[Result "1-0"]
[WhiteElo "2355"]
[BlackElo "2323"]

1.Nf3 Nf6 2.c4 g6 3.Nc3 Bg7 4.e4 d6 5.d4 O-O 6.Be2 e5 7.Be3 Ng4 8.Bg5 f6
9.Bh4 g5 10.Bg3 Nc6 11.d5 Ne7 12.Nxg5 Nxf2 13.Bxf2 fxg5 14.Bg4 Rxf2 15.Kxf2 Qf8+
16.Ke1 Qf4 17.Bxc8 Rxc8 18.Qe2 g4 19.g3 Qg5 20.Kd1 c6 21.a4 a6 22.a5 cxd5
23.cxd5 Qg6 24.Qd3 Rc5 25.Rf1 h5 26.Kc2 Nc8 27.b4 Rc7 28.Kb3 Na7 29.Rac1 Kh7
30.Qe3 Rxc3+ 31.Rxc3 Nb5 32.Rc8 Bh6 33.Qf2 Nd4+ 34.Ka2 Nf3 35.Qc2 Bg7 36.Rb8 Nd4
37.Qd3 Kh6 38.Qe3+ Kh7 39.Kb2 Bh6 40.Rxb7+ Kg8 41.Qc3  1-0

[Event "94th ch-GBR"]
[Site "Great Yarmouth ENG"]
[Date "2007.08.02"]
[Round "4"]
[White "Gordon,S"]
[Black "Buckley,G"]
[Result "1-0"]
[WhiteElo "2487"]
[BlackElo "2379"]

1.d4 Nf6 2.c4 g6 3.Nc3 Bg7 4.e4 d6 5.Nf3 O-O 6.Be2 e5 7.O-O Nbd7 8.Be3 Re8
9.d5 Ng4 10.Bg5 f6 11.Bh4 h5 12.Nd2 Nh6 13.f3 Nf7 14.b4 a5 15.bxa5 Bh6 16.Bf2 f5
17.Nb3 h4 18.exf5 gxf5 19.Qc2 Nf8 20.Bd3 Qg5 21.Rae1 Ng6 22.Be3 Nf4 23.Bxf4 Qxf4
24.Ne2 Qg5 25.Ned4 f4 26.Nb5 Re7 27.c5 h3 28.Rf2 Bf8 29.Kh1 Qh6 30.Rg1 Ng5
31.g3 fxg3 32.Rxg3 Rg7 33.c6 Qf6 34.Rf1 Kh8 35.Qc3 Qf4 36.Nc1 bxc6 37.Ne2 Qf6
38.Qxc6 Rxa5 39.Nxc7 Rc5 40.Ne8 Rxc6 41.Nxf6 Rc5 42.f4 e4 43.Bb1 Nh7 44.Nxh7 Rxh7
45.Bxe4 Re7 46.Bf3 Rc2 47.Nd4 Rd2 48.Rfg1 Rxd4 49.Rg8+ Kh7 50.Rxf8 Rd3 51.Bh5 Bb7
52.Bg6+ Kg7 53.Rf5 Rd2 54.Bh5+ Kh8 55.Bf3 Rg7 56.Rf8+ Kh7 57.Be4+  1-0

[Event "MTO"]
[Site "Biel SUI"]
[Date "2007.08.03"]
[Round "11"]
[White "Shipov,S"]
[Black "Cherniaev,A1"]
[Result "1-0"]
[WhiteElo "2559"]
[BlackElo "2501"]

1.d4 Nf6 2.c4 g6 3.Nc3 Bg7 4.e4 d6 5.Nf3 O-O 6.Be2 e5 7.O-O Na6 8.Be3 Ng4
9.Bg5 Qe8 10.h3 h6 11.Bh4 Nf6 12.Bxf6 Bxf6 13.c5 Bg7 14.cxd6 cxd6 15.dxe5 dxe5
16.Rc1 Nc7 17.Qd6 Qd8 18.Qb4 Ne6 19.Nd5 Kh7 20.Rfd1 Nd4 21.Nxd4 exd4 22.b3 Rb8
23.Qc5 b6 24.Qc7 Bb7 25.Qxd8 Rbxd8 26.Rc7 Bxd5 27.exd5 Rxd5 28.Rxa7 Ra5 29.Rxa5 bxa5
30.Rc1 Re8 31.Kf1 Bf6 32.Rc5 Re5 33.Rc8 Re7 34.g3 Ra7 35.Bc4 Kg7 36.Ke2 Be7
37.Kd3 Bb4 38.Kxd4 Be1 39.Ke3 Re7+ 40.Kf3 h5 41.Rc5 Bb4 42.Rb5 Ra7 43.Bd5 Kf6
44.Bb7 Ke7 45.Ke2 Kd6 46.f4 Kc7 47.Bd5 Kd6 48.Kf3 Re7 49.Bc4 Ra7 50.f5 Bc5
51.Kf4 Kc6 52.fxg6 fxg6 53.Kg5 Bd6 54.g4 hxg4 55.hxg4 a4 56.Kxg6 a3 57.Rf5 Re7
58.g5 Re1  1-0